Machine design : A Text presenting those fundamentals of theory and analysis which are basic to the field of machine design (Record no. 4943)

000 -LEADER
fixed length control field 00523nam a22001577a 4500
008 - FIXED-LENGTH DATA ELEMENTS--GENERAL INFORMATION
fixed length control field 200914b ||||| |||| 00| 0 eng d
082 00 - DEWEY DECIMAL CLASSIFICATION NUMBER
Classification number 621.81
Item number W783
100 ## - MAIN ENTRY--PERSONAL NAME
9 (RLIN) 3962
Personal name Winston, Stanton E.
245 10 - TITLE STATEMENT
Title Machine design : A Text presenting those fundamentals of theory and analysis which are basic to the field of machine design
250 ## - EDITION STATEMENT
Edition statement 1st ed.7rep
260 ## - PUBLICATION, DISTRIBUTION, ETC. (IMPRINT)
Place of publication, distribution, etc Chicago
Name of publisher, distributor, etc American technical society
Date of publication, distribution, etc 1959
300 ## - PHYSICAL DESCRIPTION
Extent 333 p.
365 ## - TRADE PRICE
Unit of pricing 19.75
650 #0 - SUBJECT ADDED ENTRY--TOPICAL TERM
Topical term or geographic name as entry element Machine Design
942 ## - ADDED ENTRY ELEMENTS (KOHA)
Item type Books
Holdings
Withdrawn status Lost status Source of classification or shelving scheme Damaged status Not for loan Permanent location Current location Date acquired Source of acquisition Full call number Barcode Date last seen Koha item type
          IMU Kolkata IMU Kolkata 1965-02-23 Modern Book Deposit 621.81 W783 03024 2020-09-14 Books
Designed and Maintained by IMU-KC Library, Kolkata Campus © Copyright All Rights Reserved

webs counters

Powered by Koha